| 000 | 00591 a2200241 4500 | ||
|---|---|---|---|
| 001 | 200419497 | ||
| 999 |
_c200419497 _d30622 |
||
| 003 | TR-AnTOB | ||
| 005 | 20190322123251.0 | ||
| 008 | 160506d 9999tu qn0 0 0 d | ||
| 022 | _a1304-7566 | ||
| 041 | _atur | ||
| 099 | _aJOURNAL - GAZİ | ||
| 245 | 0 | 0 | _aGaziler dergisi |
| 264 | 1 |
_aAnkara: _bTürkiye Muharip Gaziler Derneği, |
|
| 300 |
_avolumes : _billustration ; _c30 cm. |
||
| 336 |
_atext _2rdacontent |
||
| 337 |
_aunmediated _2rdamedia |
||
| 338 |
_avolume _2rdacarrier |
||
| 653 | 0 | _aGaziler | |
| 653 | _aVeterans | ||
| 942 | _cCR | ||